Earlybird kindergarten Mathematics: (Record no. 8136)

MARC details
000 -LEADER
fixed length control field 02517nam a22002417a 4500
001 - CONTROL NUMBER
control field 8136
003 - CONTROL NUMBER IDENTIFIER
control field FISKH
005 - DATE AND TIME OF LATEST TRANSACTION
control field 20250827155604.0
008 - FIXED-LENGTH DATA ELEMENTS--GENERAL INFORMATION
fixed length control field 250827b cb ||||| |||| 00| 0 eng d
020 ## - INTERNATIONAL STANDARD BOOK NUMBER
International Standard Book Number 9780761470151
040 ## - CATALOGING SOURCE
Original cataloging agency FISKH
Language of cataloging eng
Transcribing agency FISKH
Modifying agency FISKH
050 ## - LIBRARY OF CONGRESS CALL NUMBER
Classification number QA135.6 .Y42
082 ## - DEWEY DECIMAL CLASSIFICATION NUMBER
Classification number 510
100 ## - MAIN ENTRY--PERSONAL NAME
Personal name Har, Yeap Ban
245 ## - TITLE STATEMENT
Title Earlybird kindergarten Mathematics:
Remainder of title Textbook A
Statement of responsibility, etc. by Yeap Ban Har
250 ## - EDITION STATEMENT
Edition statement This edition published in 2009
260 ## - PUBLICATION, DISTRIBUTION, ETC.
Place of publication, distribution, etc. Oregon :
Name of publisher, distributor, etc. Marshall Cavendish Education,
Date of publication, distribution, etc. 2008.
300 ## - PHYSICAL DESCRIPTION
Extent 233 pages :
Other physical details color illustrations ;
Dimensions 28 cm
520 ## - SUMMARY, ETC.
Summary, etc. a comprehensive, activity-based program designed to provide kindergarten students with a strong foundation in mathematics. Aligned with the Mathematics Framework for California Public Schools, the program aims to prepare young students for subsequent stages of mathematical thinking. In the Textbook, mathematical concepts are developed in a systematic, engaging and fun way. Hands-on tasks, meaningful activities and attractive illustrations rich in mathematical content engage students' active participation in the learning process. The series also provides easy-to-follow guidance in various forms to allow for meaningful intervention by both parents and teachers. Features of the Earlybird Kindergarten Standards Edition Textbooks: * Every unit comprises several lessons, each with a focused learning outcome * The Big Book icon provides quick and easy reference to the corresponding Big Book * Detailed teaching notes at the bottom of the pages provide guidelines to help teachers develop lessons and concepts systematically * The Concrete> Pictorial>Abstract approach enables students to encounter math in a meaningful way through concrete activities before progressing to pictorial and abstract representations * New mathematical concepts are introduced through a spiral progression that builds on concepts already taught and mastered * Structured activities help to consolidate the mathematical concepts taught * The pencil icon provides quick and easy reference from the Textbook to the relevant Activity Book pages * Review pages at the end of each assess the students' mastery of key learning objectives * Math at Home activities in tear-out sheets provide opportunities for meaningful family involvement in the students' learning process. Detailed, step-by-step instructions for parents are provided in the teaching notes
650 ## - SUBJECT ADDED ENTRY--TOPICAL TERM
Topical term or geographic name entry element Activity book
Form subdivision Curriculum
942 ## - ADDED ENTRY ELEMENTS (KOHA)
Source of classification or shelving scheme Dewey Decimal Classification
Koha item type Books
Suppress in OPAC No
Holdings
Withdrawn status Lost status Source of classification or shelving scheme Damaged status Not for loan Collection Home library Current library Shelving location Date acquired Total Checkouts Full call number Barcode Date last seen Copy number Price effective from Koha item type
    Dewey Decimal Classification     Non-Fiction Footprints International School Library Network Toul Kork Campus Footprints International School Library Network Toul Kork Campus Librarian's Shelf TK 08/27/2025   HAR 510 QA135.6 .Y42 2025-4293 08/27/2025 1 08/27/2025 Books